[Event "POL-chT 3rd League Wielkopolska 12/13"]
[Site "Poznan"]
[Date "2012.12.02"]
[Round "3.26"]
[White "Piechota, Pawel"]
[Black "Tomczak, Michal"]
[Result "1-0"]
[WhiteElo "2070"]
[BlackElo "2072"]
[PlyCount "83"]
[EventDate "2012.11.25"]
[EventType "team-tourn"]
[EventRounds "11"]
[EventCountry "POL"]
[SourceTitle "EXT 2014"]
[Source "ChessBase"]
[SourceDate "2013.11.20"]
[SourceVersion "1"]
[SourceVersionDate "2013.11.20"]
[SourceQuality "1"]
[WhiteTeam "Szamotuly Baszta"]
[BlackTeam "Srem LKS Piast"]
[WhiteTeamCountry "POL"]
[BlackTeamCountry "POL"]

1. d4 Nf6 2. c4 c5 3. d5 b5 4. cxb5 a6 5. b6 e6 6. Nc3 Nxd5 7. Nxd5 exd5 8. Qxd5 Nc6 9. Nf3 Bb7 10. Bd2 Be7 11. Ne5 Nxe5 12. Qxb7 Nc4 13. Bc3 0-0 14. e3 Nd6 15. Qd5 Qxb6 16. Bd3 Nb5 17. Qe4 Qg6 18. Qxa8 Rxa8 19. Bxg6 hxg6 20. 0-0-0 d6 21. Kc2 Rb8 22. Rd2 f6 23. Rhd1 Kf7 24. a4 Na7 25. Rxd6 Bxd6 26. Rxd6 Nc8 27. Rxa6 Nb6 28. Ra7+ Ke6 29. Rxg7 g5 30. a5 Nd7 31. f4 gxf4 32. exf4 c4 33. f5+ Kd6 34. h4 Re8 35. h5 Re2+ 36. Kd1 Rf2 37. g4 Nc5 38. h6 Nd3 39. h7 Rh2 40. a6 Kd5 41. a7 Rh1+ 42. Kc2 1-0

[Event "POL-chT3 2010/11"]
[Site "Wielkopolska"]
[Date "2011.03.28"]
[Round "9"]
[White "Piechota, Pawel"]
[Black "Kozlowski, Tomasz"]
[Result "1/2-1/2"]
[WhiteElo "2082"]
[BlackElo "1957"]
[PlyCount "95"]
[EventDate "2010.11.28"]
[EventType "team-tourn"]
[EventRounds "11"]
[EventCountry "POL"]
[SourceTitle "EXT 2019"]
[Source "ChessBase"]
[SourceDate "2018.10.10"]
[SourceVersion "1"]
[SourceVersionDate "2018.10.10"]
[SourceQuality "1"]
[WhiteTeam "Szamotuly Baszta"]
[BlackTeam "Srem LKS Piast"]
[WhiteTeamCountry "POL"]
[BlackTeamCountry "POL"]

1. d4 d6 2. e4 Nf6 3. f3 e5 4. d5 g6 5. Be3 Nh5 6. g4 Nf4 7. Ne2 Bg7 8. c4 h5 9. gxh5 Nxh5 10. Qd2 Qf6 11. Ng1 Qh4+ 12. Bf2 Qe7 13. Nc3 Bh6 14. Qc2 Bg5 15. Nge2 Bd7 16. a4 Na6 17. Na2 Qf6 18. Qc3 Nc5 19. b4 Nxa4 20. Qb3 Nf4 21. Nac1 Nb6 22. c5 Nc8 23. Nxf4 Qxf4 24. Qd3 Bh4 25. Ne2 Bxf2+ 26. Kxf2 Qh4+ 27. Ng3 Ne7 28. cxd6 cxd6 29. b5 f5 30. b6 a6 31. Qc3 Rc8 32. Qb3 f4 33. Bxa6 bxa6 34. b7 fxg3+ 35. hxg3 Qxh1 36. Rxh1 Rxh1 37. bxc8Q+ Nxc8 38. f4 Rh2+ 39. Kg1 Rh5 40. Qa3 Bb5 41. g4 Rh7 42. fxe5 dxe5 43. Qc3 Kd7 44. Qc5 Re7 45. Qf2 Nb6 46. d6 Re8 47. g5 Ke6 48. Qf6+ 1/2-1/2

[Event "POL-chT 2nd League"]
[Site "Ustron"]
[Date "2008.09.14"]
[Round "8.82"]
[White "Piechota, Pawel"]
[Black "Sroka, Janusz"]
[Result "1-0"]
[WhiteElo "1965"]
[BlackElo "2156"]
[PlyCount "99"]
[EventDate "2008.09.06"]
[EventType "team-swiss"]
[EventRounds "9"]
[EventCountry "POL"]
[SourceTitle "EXT 2015"]
[Source "ChessBase"]
[SourceDate "2014.11.20"]
[SourceVersion "1"]
[SourceVersionDate "2014.11.20"]
[SourceQuality "1"]
[WhiteTeam "Poznan Lech"]
[BlackTeam "Mikolow AKS"]
[WhiteTeamCountry "POL"]
[BlackTeamCountry "POL"]

1. d4 Nf6 2. c4 g6 3. Nc3 Bg7 4. e4 d6 5. f3 0-0 6. Be3 Nc6 7. Nge2 a6 8. Qd2 Rb8 9. a4 e5 10. d5 Na5 11. Nc1 c5 12. Rb1 b6 13. b3 Nh5 14. g4 Nf4 15. N1e2 f5 16. gxf5 gxf5 17. Nxf4 exf4 18. Bxf4 Qf6 19. e5 dxe5 20. Bg5 Qd6 21. Rg1 Kh8 22. Kd1 Bd7 23. Be3 Rg8 24. Kc2 Nb7 25. Bd3 Bf6 26. Rxg8+ Rxg8 27. Rg1 Rxg1 28. Bxg1 Qf8 29. Qg2 Nd6 30. a5 Qd8 31. Qd2 Kg7 32. Qg2+ Kh8 33. Qf2 Nb7 34. axb6 Qxb6 35. Qd2 Na5 36. Qh6 Qxb3+ 37. Kd2 Qb2+ 38. Kd1 Bg7 39. Qxa6 Qa1+ 40. Nb1 h5 41. Bxc5 e4 42. fxe4 Nb3 43. Qxa1 Bxa1 44. Be3 fxe4 45. Bxe4 Be5 46. Kc2 Na5 47. Nd2 Bxh2 48. c5 Be5 49. c6 Bc8 50. Bb6 1-0

[Event "POL-chT 2nd League"]
[Site "Ustron"]
[Date "2008.09.11"]
[Round "5.83"]
[White "Markiewicz, Mateusz"]
[Black "Piechota, Pawel"]
[Result "0-1"]
[WhiteElo "2013"]
[BlackElo "1965"]
[PlyCount "86"]
[EventDate "2008.09.06"]
[EventType "team-swiss"]
[EventRounds "9"]
[EventCountry "POL"]
[SourceTitle "EXT 2015"]
[Source "ChessBase"]
[SourceDate "2014.11.20"]
[SourceVersion "1"]
[SourceVersionDate "2014.11.20"]
[SourceQuality "1"]
[WhiteTeam "Pilzno GKSz Hetman"]
[BlackTeam "Poznan Lech"]
[WhiteTeamCountry "POL"]
[BlackTeamCountry "POL"]

1. e4 e6 2. d4 d5 3. Nd2 Nf6 4. e5 Nfd7 5. f4 c5 6. Ndf3 cxd4 7. Nxd4 Nc6 8. Ngf3 Bc5 9. c3 a6 10. Bd3 Qb6 11. Bc2 Nxd4 12. cxd4 Bb4+ 13. Kf2 Nb8 14. Be3 Bd7 15. g4 Nc6 16. f5 Be7 17. Qd2 0-0-0 18. a3 f6 19. b4 h5 20. Nh4 hxg4 21. Ng6 fxe5 22. dxe5 d4 23. Nxe7+ Nxe7 24. Bxd4 Bc6 25. Rad1 Qxd4+ 26. Qxd4 Rxd4 27. Rxd4 Bxh1 28. Bb3 Bd5 29. Bxd5 exd5 30. f6 gxf6 31. exf6 Rf8 32. Rf4 Ng8 33. Ke3 Nxf6 34. Kd4 Kc7 35. a4 Kd6 36. Rf5 Ke6 37. Re5+ Kf7 38. Rf5 Kg6 39. Rf1 Re8 40. Kc5 Re6 41. a5 Rc6+ 42. Kd4 Rc4+ 43. Ke5 Re4+ 0-1

[Event "Poznan op-B 17th"]
[Site "Poznan"]
[Date "2008.07.25"]
[Round "7"]
[White "Dzwikowski, Adam"]
[Black "Piechota, Pawel"]
[Result "0-1"]
[WhiteElo "2000"]
[BlackElo "1965"]
[PlyCount "140"]
[EventDate "2008.07.19"]
[EventType "swiss"]
[EventRounds "9"]
[EventCountry "POL"]
[SourceTitle "EXT 2009"]
[Source "ChessBase"]
[SourceDate "2008.11.26"]
[SourceVersion "1"]
[SourceVersionDate "2008.11.26"]
[SourceQuality "1"]

1. e4 e6 2. d3 d5 3. Nd2 Nf6 4. Ngf3 c5 5. g3 Nc6 6. Bg2 Qc7 7. 0-0 b6 8. Re1 Be7 9. Nf1 Bb7 10. Bf4 Qd7 11. e5 Ng8 12. d4 g5 13. Nxg5 Nxd4 14. Ne3 h6 15. Qh5 hxg5 16. Qxh8 0-0-0 17. Qg7 gxf4 18. gxf4 f6 19. h4 fxe5 20. fxe5 Re8 21. c3 Nc6 22. Ng4 Bd8 23. Qxd7+ Kxd7 24. h5 Rf8 25. h6 Rf7 26. Bxd5 Nxh6 27. Nxh6 Rg7+ 28. Bg2 Ne7 29. f3 Bxf3 30. Kf2 Bxg2 31. Rg1 Rh7 32. Ng4 Rf7+ 33. Kxg2 Nd5 34. Kg3 Bc7 35. Raf1 Rg7 36. Kf3 Kc6 37. Ke4 Rg5 38. c4 Ne7 39. Rf6 Ng6 40. Rxe6+ Kb7 41. Rxg6 Rxg6 42. Kf5 Rg7 43. Rd1 Rxg4 44. Kxg4 Bxe5 45. b3 a6 46. Kf5 Bc3 47. Ke6 Kc6 48. Rd8 Kc7 49. Re8 Kb7 50. Rg8 Kc6 51. Rc8+ Kb7 52. Kd7 Be5 53. Re8 Bf4 54. Ke6 Kc6 55. Ra8 a5 56. Rc8+ Bc7 57. a4 Kb7 58. Kd7 Bf4 59. Rf8 Bg3 60. Rf5 Bh2 61. b4 axb4 62. a5 Bg1 63. a6+ Kxa6 64. Kc6 Ka5 65. Rf3 Bd4 66. Rd3 Ka4 67. Kxb6 b3 68. Kc6 b2 69. Rd1 Kb3 70. Kd5 Kc2 0-1

[Event "Poznan op-B 17th"]
[Site "Poznan"]
[Date "2008.07.24"]
[Round "6"]
[White "Piechota, Pawel"]
[Black "Bajerlein, Dawid"]
[Result "1-0"]
[WhiteElo "1965"]
[BlackElo "1957"]
[PlyCount "115"]
[EventDate "2008.07.19"]
[EventType "swiss"]
[EventRounds "9"]
[EventCountry "POL"]
[SourceTitle "EXT 2009"]
[Source "ChessBase"]
[SourceDate "2008.11.26"]
[SourceVersion "1"]
[SourceVersionDate "2008.11.26"]
[SourceQuality "1"]

1. f4 Nf6 2. Nf3 d5 3. d4 c6 4. e3 Bf5 5. c4 Nbd7 6. Nc3 e6 7. a3 a5 8. Bd3 Bxd3 9. Qxd3 Be7 10. Bd2 Qc7 11. 0-0 dxc4 12. Qxc4 Nb6 13. Qe2 0-0 14. Rac1 Nbd5 15. e4 Nxf4 16. Bxf4 Qxf4 17. Ne5 Qg5 18. Rcd1 Rad8 19. Rd3 c5 20. Nf3 Qh5 21. d5 c4 22. Rdd1 Bc5+ 23. Kh1 exd5 24. e5 Ng4 25. Rd2 Be3 26. h3 Bxd2 27. Nxd2 Rfe8 28. Qxg4 Qxg4 29. hxg4 Rxe5 30. Nf3 Re3 31. Kg1 d4 32. Rd1 d3 33. Kf2 Re6 34. Nd2 Rc8 35. Re1 Rxe1 36. Kxe1 Kf8 37. Kf2 Ke7 38. Ke3 Kf6 39. Kf4 g5+ 40. Ke4 Re8+ 41. Kd4 Re2 42. Nxe2 dxe2 43. Nf3 b5 44. Ke3 Kg6 45. Kxe2 b4 46. Ne5+ Kf6 47. Nxc4 bxa3 48. bxa3 a4 49. Nb2 Ke5 50. Nxa4 f5 51. gxf5 Kxf5 52. Nc3 h5 53. a4 Ke5 54. a5 Kd6 55. Kf3 Kc6 56. Ne4 g4+ 57. Kg3 Kb5 58. Nf6 1-0

[Event "Poznan op-B 17th"]
[Site "Poznan"]
[Date "2008.07.23"]
[Round "5"]
[White "Sikorska, Agata"]
[Black "Piechota, Pawel"]
[Result "1/2-1/2"]
[WhiteElo "2108"]
[BlackElo "1965"]
[PlyCount "34"]
[EventDate "2008.07.19"]
[EventType "swiss"]
[EventRounds "9"]
[EventCountry "POL"]
[SourceTitle "EXT 2009"]
[Source "ChessBase"]
[SourceDate "2008.11.26"]
[SourceVersion "1"]
[SourceVersionDate "2008.11.26"]
[SourceQuality "1"]

1. e4 e6 2. d4 d5 3. Nd2 dxe4 4. Nxe4 Nf6 5. Nxf6+ gxf6 6. Nf3 b6 7. g3 Bb7 8. Bg2 c5 9. c3 cxd4 10. cxd4 Qd7 11. 0-0 Na6 12. Bf4 Nb4 13. a3 Nd5 14. Qd2 h5 15. Rfe1 Be7 16. Rac1 Rd8 17. h4 Rg8 1/2-1/2

[Event "Poznan op-B 17th"]
[Site "Poznan"]
[Date "2008.07.21"]
[Round "3"]
[White "Raszkiewicz, Agnieszka"]
[Black "Piechota, Pawel"]
[Result "0-1"]
[WhiteElo "1827"]
[BlackElo "1965"]
[PlyCount "86"]
[EventDate "2008.07.19"]
[EventType "swiss"]
[EventRounds "9"]
[EventCountry "POL"]
[SourceTitle "EXT 2009"]
[Source "ChessBase"]
[SourceDate "2008.11.26"]
[SourceVersion "1"]
[SourceVersionDate "2008.11.26"]
[SourceQuality "1"]

1. e4 c6 2. Nf3 d5 3. d3 Bg4 4. Be2 Nf6 5. e5 Nfd7 6. d4 e6 7. Bg5 Qb6 8. b3 c5 9. Be3 Nc6 10. c3 Rc8 11. 0-0 Bxf3 12. Bxf3 Be7 13. a4 0-0 14. Na3 cxd4 15. cxd4 Bb4 16. Nc2 Be7 17. Rb1 Na5 18. b4 Nc4 19. Be2 f6 20. a5 Qc7 21. Bxc4 dxc4 22. Qg4 f5 23. Qh3 b6 24. a6 b5 25. Na3 Qc6 26. Nc2 Nb6 27. f4 Nd5 28. Rf3 Qxa6 29. Ra1 Qb7 30. Rb1 a5 31. bxa5 b4 32. g4 b3 33. Bc1 Qa7 34. Ne3 Qxd4 35. gxf5 Rxf5 36. Kh1 Nxe3 37. Bxe3 Qe4 38. Qf1 Bc5 39. Re1 Bxe3 40. Rexe3 Qd5 41. a6 b2 42. Kg1 c3 43. Re1 c2 0-1

[Event "Poznan op-B 17th"]
[Site "Poznan"]
[Date "2008.07.20"]
[Round "2"]
[White "Piechota, Pawel"]
[Black "Gora, Jan"]
[Result "1-0"]
[WhiteElo "1965"]
[BlackElo "1678"]
[PlyCount "57"]
[EventDate "2008.07.19"]
[EventType "swiss"]
[EventRounds "9"]
[EventCountry "POL"]
[SourceTitle "EXT 2009"]
[Source "ChessBase"]
[SourceDate "2008.11.26"]
[SourceVersion "1"]
[SourceVersionDate "2008.11.26"]
[SourceQuality "1"]

1. d4 d5 2. Nf3 Nf6 3. c4 c6 4. Nc3 e6 5. e3 Be7 6. Bd3 0-0 7. a3 a5 8. Bd2 Ne8 9. e4 dxc4 10. Bxc4 b5 11. Ba2 Nc7 12. Qc2 Bb7 13. Ne2 Nba6 14. Bxa5 b4 15. a4 c5 16. 0-0 Qd7 17. Rfd1 Qc6 18. d5 exd5 19. exd5 Qd6 20. Ng3 Rfd8 21. Nf5 Qf6 22. Nxe7+ Qxe7 23. d6 Rxd6 24. Rxd6 Qxd6 25. Ng5 h6 26. Nxf7 Qg6 27. Nxh6+ Kf8 28. Bxc7 Nxc7 29. Qxc5+ 1-0

[Event "Koszalin Region-ch ZP-WP U17"]
[Site "Koszalin"]
[Date "2007.09.16"]
[Round "4.1"]
[White "Panocki, Adrian"]
[Black "Piechota, Pawel"]
[Result "1-0"]
[WhiteElo "2273"]
[BlackElo "1998"]
[PlyCount "93"]
[EventDate "2007.09.15"]
[EventType "tourn"]
[EventRounds "9"]
[EventCountry "POL"]
[SourceTitle "EXT 2023"]
[Source "ChessBase"]
[SourceDate "2022.10.05"]
[SourceVersion "1"]
[SourceVersionDate "2022.10.05"]
[SourceQuality "1"]

1. e4 e6 2. d4 d5 3. Nc3 Nf6 4. e5 Nfd7 5. f4 c5 6. Nf3 a6 7. Be3 Nc6 8. Qd2 b5 9. a3 cxd4 10. Nxd4 Nxd4 11. Bxd4 Qc7 12. g3 Bc5 13. Ne2 Nb6 14. Bg2 Bd7 15. 0-0 Rc8 16. b3 Bxd4+ 17. Nxd4 Qc3 18. Qf2 Qc5 19. Rae1 g6 20. g4 a5 21. f5 Rf8 22. c3 Na8 23. b4 axb4 24. cxb4 Qb6 25. Rc1 Rc4 26. Rxc4 bxc4 27. fxe6 Bxe6 28. Kh1 Nc7 29. Nxe6 Qxe6 30. Qd4 f6 31. exf6 Kf7 32. Qf4 Qd7 33. Rd1 Rd8 34. Qh6 Kg8 35. b5 c3 36. b6 c2 37. Rf1 Ne6 38. f7+ Qxf7 39. Rxf7 Kxf7 40. b7 d4 41. Be4 d3 42. Bxd3 Rxd3 43. b8Q Rd1+ 44. Kg2 c1Q 45. Qxh7+ Kf6 46. Qbh8+ Kg5 47. Qe7+ 1-0

[Event "Koszalin Region-ch ZP-WP U17"]
[Site "Koszalin"]
[Date "2007.09.15"]
[Round "2.2"]
[White "Piechota, Pawel"]
[Black "Markowski, Piotr"]
[Result "0-1"]
[WhiteElo "1998"]
[BlackElo "2061"]
[PlyCount "70"]
[EventDate "2007.09.15"]
[EventType "tourn"]
[EventRounds "9"]
[EventCountry "POL"]
[SourceTitle "EXT 2023"]
[Source "ChessBase"]
[SourceDate "2022.10.05"]
[SourceVersion "1"]
[SourceVersionDate "2022.10.05"]
[SourceQuality "1"]

1. d4 d5 2. Nc3 Nf6 3. Bg5 Nbd7 4. f3 h6 5. Bh4 e6 6. e4 Be7 7. e5 Nh5 8. Bf2 c5 9. g3 a6 10. f4 g6 11. Nf3 Ng7 12. Qd2 b5 13. Ne2 Rb8 14. Bg2 a5 15. g4 Ba6 16. a3 b4 17. axb4 cxb4 18. Ng3 b3 19. c3 Nb6 20. Bf1 Bxf1 21. Kxf1 h5 22. h3 a4 23. Qe2 Nc4 24. gxh5 gxh5 25. h4 a3 26. f5 axb2 27. Rb1 exf5 28. Kg2 Ne6 29. Kh2 Nf4 30. Qf1 Rg8 31. Nxf5 Rg2+ 32. Qxg2 Nxg2 33. Kxg2 Bf8 34. Be3 Qc8 35. Nd6+ Bxd6 0-1

[Event "Dabki School-ch"]
[Site "Dabki"]
[Date "2007.08.28"]
[Round "6.1"]
[White "Swieszek, Joanna"]
[Black "Piechota, Pawel"]
[Result "1-0"]
[WhiteElo "1826"]
[BlackElo "1998"]
[PlyCount "135"]
[EventDate "2007.08.24"]
[EventType "swiss"]
[EventRounds "8"]
[EventCountry "POL"]
[SourceTitle "EXT 2023"]
[Source "ChessBase"]
[SourceDate "2022.10.05"]
[SourceVersion "1"]
[SourceVersionDate "2022.10.05"]
[SourceQuality "1"]

1. e4 d6 2. d4 g6 3. Nf3 Bg7 4. Be2 Nd7 5. 0-0 e5 6. Be3 Ne7 7. Nc3 0-0 8. dxe5 Nxe5 9. Nxe5 dxe5 10. Qxd8 Rxd8 11. Rad1 Be6 12. Nb5 Rdc8 13. Nxa7 Rxa7 14. Bxa7 b6 15. a3 Ra8 16. Bxb6 cxb6 17. Rd6 Nc8 18. Rd8+ Bf8 19. Rfd1 Kg7 20. Bb5 Be7 21. R8d2 Bg4 22. Be2 Be6 23. Bb5 Ra7 24. Bd7 Kf6 25. Rd3 Bc5 26. Bxe6 Kxe6 27. Rd8 Rc7 28. R8d3 Nd6 29. Re1 Nc4 30. Rb1 Be7 31. Rc3 Bd6 32. Rd3 Be7 33. Rc3 Rc5 34. a4 Nd2 35. Rxc5 Bxc5 36. Re1 f5 37. exf5+ gxf5 38. Re2 Nc4 39. b3 Nd6 40. Kf1 f4 41. f3 Nf5 42. Ke1 Be3 43. c3 h5 44. g3 Ne7 45. Kd1 h4 46. gxf4 exf4 47. Rg2 Kf6 48. Rg4 Ng6 49. Ke2 h3 50. b4 Kf5 51. c4 Kf6 52. c5 bxc5 53. b5 c4 54. a5 Kf5 55. b6 c3 56. Kd1 Bd4 57. b7 Ba7 58. Kc2 Ne7 59. Rh4 Ke5 60. Rh8 Nc6 61. Ra8 Bb8 62. a6 Bc7 63. a7 Nxa7 64. Rxa7 Kd4 65. Ra3 Be5 66. Rxc3 Kd5 67. Rc8 Kd4 68. Kd2 1-0

[Event "Dabki School-ch"]
[Site "Dabki"]
[Date "2007.08.25"]
[Round "2.1"]
[White "Piechota, Pawel"]
[Black "Bajerlein, Dawid"]
[Result "0-1"]
[WhiteElo "1998"]
[BlackElo "1959"]
[PlyCount "112"]
[EventDate "2007.08.24"]
[EventType "swiss"]
[EventRounds "8"]
[EventCountry "POL"]
[SourceTitle "EXT 2023"]
[Source "ChessBase"]
[SourceDate "2022.10.05"]
[SourceVersion "1"]
[SourceVersionDate "2022.10.05"]
[SourceQuality "1"]

1. d4 Nf6 2. Nf3 c5 3. c4 e6 4. Nc3 cxd4 5. Nxd4 d5 6. cxd5 Nxd5 7. Ndb5 Nxc3 8. Qxd8+ Kxd8 9. Nxc3 Nc6 10. Bf4 e5 11. 0-0-0+ Bd7 12. Bg3 Rc8 13. e4 f6 14. f4 Bc5 15. Kb1 Re8 16. fxe5 fxe5 17. Rd5 Bd4 18. Be2 Nb4 19. Bh4+ Kc7 20. Rxd7+ Kxd7 21. Bg4+ Kc6 22. Bxc8 Rxc8 23. Ne2 Kb5 24. a3 Nc6 25. Rf1 Rc7 26. Rf5 Rd7 27. Bg3 Kc4 28. Nc1 Be3 29. Rf1 Rd2 30. Rf3 Bd4 31. b3+ Kb5 32. Nd3 Rxg2 33. a4+ Kb6 34. Kc1 h5 35. b4 a5 36. b5 Nb4 37. Nxe5 Na2+ 38. Kb1 Nc3+ 39. Rxc3 Bxc3 40. Nd7+ Ka7 41. Bb8+ Ka8 42. Bc7 Bd4 43. b6 g5 44. Kc1 Be3+ 45. Kb1 Bf4 46. h4 Rd2 47. e5 gxh4 48. e6 h3 49. Bxf4 h2 50. Bxh2 Rxh2 51. Nf6 Re2 52. Nxh5 Rxe6 53. Nf4 Rxb6+ 54. Ka2 Rb4 55. Nd5 Rxa4+ 56. Kb3 Rh4 0-1

[Event "POL-ch U16"]
[Site "Leba"]
[Date "2006.03.27"]
[Round "4"]
[White "Piechota, Pawel"]
[Black "Plonczak, Dominik"]
[Result "1/2-1/2"]
[WhiteElo "1997"]
[BlackElo "2082"]
[PlyCount "98"]
[EventDate "2006.03.25"]
[EventType "swiss"]
[EventRounds "11"]
[EventCountry "POL"]
[SourceTitle "CBM 111 Extra"]
[Source "ChessBase"]
[SourceDate "2006.05.09"]
[SourceVersion "1"]
[SourceVersionDate "2006.05.09"]
[SourceQuality "1"]

1. d4 d6 2. e4 Nf6 3. f3 g6 4. Be3 Bg7 5. Qd2 0-0 6. c4 b6 7. Nc3 c5 8. d5 e6 9. Bg5 Qd7 10. Bd3 exd5 11. cxd5 Ba6 12. Nge2 Bxd3 13. Qxd3 Ne8 14. g4 h6 15. Be3 Qe7 16. h4 Nd7 17. Bf4 b5 18. h5 b4 19. Nd1 Ne5 20. Bxe5 Qxe5 21. Rb1 Nc7 22. Ne3 Rae8 23. Nc4 Qe7 24. Ne3 Na8 25. Kf2 Nb6 26. b3 Nd7 27. Nc4 Ne5 28. Nxe5 Qxe5 29. Rbg1 f5 30. exf5 gxf5 31. g5 Kh8 32. f4 Qb2 33. Kf3 c4 34. bxc4 Re4 35. gxh6 Bxh6 36. Rg6 Kh7 37. Rxh6+ Kxh6 38. Ng3 Re7 39. Rd1 Qf6 40. Qd4 Qxd4 41. Rxd4 a5 42. Rd3 Kg7 43. c5 dxc5 44. d6 Rd7 45. Rd5 c4 46. Nxf5+ Rxf5 47. Rxf5 a4 48. Rc5 Rxd6 49. Rxc4 Rb6 1/2-1/2

[Event "POL-ch U16"]
[Site "Leba"]
[Date "2006.03.25"]
[Round "1"]
[White "Piechota, Pawel"]
[Black "Galazewski, Tomasz"]
[Result "0-1"]
[WhiteElo "1997"]
[BlackElo "2154"]
[PlyCount "50"]
[EventDate "2006.03.25"]
[EventType "swiss"]
[EventRounds "11"]
[EventCountry "POL"]
[SourceTitle "CBM 111 Extra"]
[Source "ChessBase"]
[SourceDate "2006.05.09"]
[SourceVersion "1"]
[SourceVersionDate "2006.05.09"]
[SourceQuality "1"]

1. d4 Nf6 2. c4 g6 3. Nc3 Bg7 4. e4 d6 5. f3 0-0 6. Be3 e5 7. d5 Nh5 8. g4 Nf4 9. Nge2 f5 10. gxf5 gxf5 11. Nxf4 Qh4+ 12. Ke2 exf4 13. Bf2 Qh5 14. Bd4 Nd7 15. Bxg7 Kxg7 16. Kd2 Ne5 17. Be2 fxe4 18. Nxe4 Kh8 19. Qf1 Bf5 20. Nc3 Qh4 21. Qe1 Qf6 22. Qf2 Rae8 23. Rae1 Nd7 24. h4 Re3 25. h5 Qd4+ 0-1

[Event "Kochan Memorial op-B 16th"]
[Site "Koszalin"]
[Date "2005.08.??"]
[Round "9"]
[White "Ostrowski, Pawel"]
[Black "Piechota, Pawel"]
[Result "0-1"]
[WhiteElo "2030"]
[BlackElo "1934"]
[PlyCount "86"]
[EventDate "2005.08.??"]
[EventType "swiss"]
[EventRounds "10"]
[EventCountry "POL"]
[SourceTitle "EXT 2006"]
[Source "ChessBase"]
[SourceDate "2005.11.24"]
[SourceVersion "1"]
[SourceVersionDate "2005.11.24"]
[SourceQuality "1"]

1. e4 e6 2. d4 d5 3. exd5 exd5 4. Bd3 Nf6 5. h3 Bd6 6. Nf3 c6 7. c3 Nbd7 8. Qe2+ Qe7 9. Qxe7+ Kxe7 10. 0-0 Re8 11. Re1+ Kf8 12. Rxe8+ Kxe8 13. Nbd2 Nf8 14. c4 Bc7 15. Nb3 Ne6 16. Bd2 Nf4 17. Re1+ Kf8 18. Bxf4 Bxf4 19. Ne5 g6 20. g3 Bh6 21. Kg2 dxc4 22. Bxc4 Nd5 23. Re2 Bg7 24. Bxd5 cxd5 25. Rc2 f6 26. Ng4 b6 27. Rc7 Be6 28. Ne3 Bf7 29. Nc1 Bh6 30. f4 Re8 31. Kf3 Re7 32. Rc8+ Re8 33. Rxe8+ Kxe8 34. Nd3 Bf8 35. g4 Kd7 36. h4 a5 37. g5 Ke6 38. Nf2 fxg5 39. hxg5 h6 40. gxh6 Bxh6 41. Nfg4 Bf8 42. Ne5 Be8 43. Nxg6 Bxg6 0-1

[Event "Kochan Memorial op-B 16th"]
[Site "Koszalin"]
[Date "2005.08.??"]
[Round "8"]
[White "Piechota, Pawel"]
[Black "Dlugopolski, Dariusz"]
[Result "1-0"]
[WhiteElo "1934"]
[BlackElo "2049"]
[PlyCount "66"]
[EventDate "2005.08.??"]
[EventType "swiss"]
[EventRounds "10"]
[EventCountry "POL"]
[SourceTitle "EXT 2006"]
[Source "ChessBase"]
[SourceDate "2005.11.24"]
[SourceVersion "1"]
[SourceVersionDate "2005.11.24"]
[SourceQuality "1"]

1. d4 d5 2. Nf3 Nf6 3. c4 c6 4. g3 e6 5. Bg2 Be7 6. 0-0 0-0 7. b3 b6 8. Bb2 Bb7 9. Qc2 Na6 10. a3 Rc8 11. Nc3 Qc7 12. Rfd1 Rfd8 13. Rac1 Qb8 14. cxd5 cxd5 15. e3 Ne4 16. b4 Nc7 17. Nd2 Nxd2 18. Qxd2 Ba6 19. Bf1 Bxf1 20. Kxf1 Ne8 21. b5 Rc4 22. f3 Rdc8 23. e4 dxe4 24. fxe4 h6 25. Qd3 Bg5 26. Rc2 Qc7 27. h4 Be7 28. Rdc1 Nd6 29. a4 f5 30. e5 Ne4 31. d5 Qxe5 32. Nxe4 Qxd5 33. Qxd5 exd5 1-0

[Event "Kochan Memorial op-B 16th"]
[Site "Koszalin"]
[Date "2005.08.??"]
[Round "6"]
[White "Piechota, Pawel"]
[Black "Griezne, Edvins"]
[Result "0-1"]
[WhiteElo "1934"]
[BlackElo "2014"]
[PlyCount "61"]
[EventDate "2005.08.??"]
[EventType "swiss"]
[EventRounds "10"]
[EventCountry "POL"]
[SourceTitle "EXT 2006"]
[Source "ChessBase"]
[SourceDate "2005.11.24"]
[SourceVersion "1"]
[SourceVersionDate "2005.11.24"]
[SourceQuality "1"]

1. d4 Nc6 2. Nf3 d6 3. e4 Nf6 4. Nc3 Bg4 5. Be2 e5 6. d5 Nb8 7. Qd3 Nbd7 8. h3 Bh5 9. g4 Bg6 10. Nd2 c6 11. b4 cxd5 12. Nxd5 Nxd5 13. Qxd5 Qc7 14. Qc4 Qxc4 15. Bxc4 Rc8 16. Bb3 h5 17. g5 f6 18. Rg1 f5 19. f3 fxe4 20. fxe4 Rc3 21. Rh1 Be7 22. Kd1 h4 23. Nf1 Bxe4 24. Rh2 Rf8 25. Ke1 d5 26. Bd2 Rcf3 27. Ke2 d4 28. Rc1 d3+ 29. cxd3 Bxd3+ 30. Kd1 Rxf1+ 31. Be1 0-1

[Event "POL-chT2 U18"]
[Site "Sielpa"]
[Date "2004.??.??"]
[Round "2"]
[White "Klekowski, Maciej"]
[Black "Piechota, Pawel"]
[Result "1-0"]
[WhiteElo "1800"]
[BlackElo "2000"]
[PlyCount "67"]
[EventDate "2004.??.??"]
[EventType "team"]
[EventRounds "11"]
[EventCountry "POL"]
[SourceTitle "EXT 2007"]
[Source "ChessBase"]
[SourceDate "2006.11.23"]
[SourceVersion "1"]
[SourceVersionDate "2006.11.23"]
[SourceQuality "1"]

1. e4 e5 2. Nf3 Nf6 3. Nc3 Bb4 4. Bc4 0-0 5. d3 d5 6. exd5 Nxd5 7. Bd2 Nxc3 8. bxc3 Bd6 9. 0-0 Bg4 10. h3 Bh5 11. g4 Bg6 12. Re1 Nd7 13. Rb1 Nb6 14. Bb3 Re8 15. Bg5 Qd7 16. Nh4 c5 17. Nxg6 hxg6 18. Re4 Rac8 19. Be3 c4 20. dxc4 Qc6 21. Qf3 Nd7 22. c5 Nf6 23. cxd6 Rf8 24. d7 Ra8 25. Bc5 Qxc5 26. Rc4 Qd5 27. Qxd5 Nxd5 28. Rc5 Nb6 29. Rd1 Rad8 30. Rc7 Rb8 31. a4 Rfd8 32. a5 Na8 33. Rc5 Kf8 34. Rxe5 1-0